Figure Drawing with virtual models : Getting the most out of Poser figure artist

Gardado en:
Detalles Bibliográficos
Autor Principal: Pardew, Les
Formato: Libro
Idioma:Undetermined
Publicado: Boston, MA. Thompson Course Technology 2007
Những chủ đề:
Các nhãn: Engadir etiqueta
Sen Etiquetas, Sexa o primeiro en etiquetar este rexistro!
Thư viện lưu trữ: Trung tâm Học liệu Trường Đại học Cần Thơ
LEADER 00753nam a2200217Ia 4500
001 CTU_129131
008 210402s9999 xx 000 0 und d
020 |c 486000 
082 |a 006.693 
082 |b P226 
100 |a Pardew, Les 
245 0 |a Figure Drawing with virtual models : 
245 0 |b Getting the most out of Poser figure artist 
245 0 |c Les Pardew 
260 |a Boston, MA. 
260 |b Thompson Course Technology 
260 |c 2007 
650 |a Poser ( Computer file ),Figure drawing.,Three-dimensional imaging.,Poser ( Tệp tin máy tính ),Họa hình,Việc tạo hình ảnh ba chiều 
904 |i Minh 
910 |a Sách kèm đĩa AVA.000029 
980 |a Trung tâm Học liệu Trường Đại học Cần Thơ